000 00724nam a2200193 a 4500
001 BRCA_1656
005 20190320203508.0
008 131205s1996----spaa---###---#000-0#spa-d
020 _a8487172709
050 4 _aF1416
_b.G35 1996
245 1 0 _aGalicia e América
_bcinco siglos de historia
_ccoordinación María Xosé Rodríguez Galdo, Consello da Cultura Galega.
260 _aGalicia
_bConsello da Cultura
_c1996
300 _a268 p.
_bil. (algunas a color)
_c29 cm.
650 1 4 _aDescripción y viajes
_xHistoria
_95164
651 4 _aGalicia latinoamérica
_xHistoria
_y16 siglos
_95165
651 4 _aAmérica
_xDescubrimiento y exploración
_zGalicia
_95166
700 1 _aRodríguez Galdo, María José
_95167
942 _2lcc
_cB
999 _c1454
_d1454